Pentateuco y libros históricos.
Guardat en:
| Autor principal: | |
|---|---|
| Format: | Desconegut |
| Publicat: |
Pamplona, España:
Ediciones Universidad de Navarra,
2016.
|
| Col·lecció: | Colección Manuales ISCR
|
| Matèries: | |
| Etiquetes: |
Afegir etiqueta
Sense etiquetes, Sigues el primer a etiquetar aquest registre!
|
MARC
| LEADER | 00000 a2200000 4500 | ||
|---|---|---|---|
| 003 | CL-VaPUC | ||
| 005 | 20241212113437.0 | ||
| 008 | 221024t2016 ||||| |||| 00| 0 eng d | ||
| 999 | |c 438788 |d 438786 | ||
| 020 | |a 978-84-313-3131-3 | ||
| 040 | |c Pontificia Universidad Católica de Valparaíso | ||
| 082 | |2 22 |a 222.1 VAR 2016 | ||
| 100 | |a Varo Pineda, Francisco |e autor |9 558407 | ||
| 245 | |a Pentateuco y libros históricos. | ||
| 260 | |a Pamplona, España: |b Ediciones Universidad de Navarra, |c 2016. | ||
| 300 | |a 182 paginas. | ||
| 490 | |a Colección Manuales ISCR |n 6. | ||
| 583 | |k GC |c 20221024 | ||
| 650 | 0 | |9 313678 |a Antiguo testamento |v Guía de estudio y ejercicio |x Pentateuco |x Libros históricos | |
| 650 | 0 | |9 257603 |a Biblia |x Antiguo testamento |x Interpretación | |
| 942 | |2 ddc |c BK | ||
| 952 | |0 0 |1 0 |2 ddc |4 0 |6 222_100000000000000_VAR_2016 |7 0 |8 A |9 587358 |a BIBTEO |b BIBTEO |c GEN |d 2022-10-18 |e 3 |g 17137.00 |i 5655257 |o 222.1 VAR 2016 |p 5655257 |r 2025-01-17 |t 1 |v 17137.00 |w 2022-10-18 |y BK |k ICR | ||